Les joueurs de tennis avec le plus de Grand Chelem depuis 2000 - Statistiques

Statistiques générales
  • Ce quiz a été pris 33 fois
  • Le résultat moyen est 8 sur 18
Statistiques - réponses
Nombre Joueurs % Correct
22 Rafael Nadal
100%
20 Roger Federer
100%
7 Carlos Alcaraz
97%
4 Jannik Sinner
97%
24 Novak Djokovic
97%
3 Andy Murray
82%
3 Stan Wawrinka
70%
1 Daniil Medvedev
61%
1 Dominic Thiem
52%
1 Juan Martín del Potro
24%
1 Marin Čilić
24%
1 Andy Roddick
6%
1 Juan Carlos Ferrero
6%
2 Marat Safin
6%
1 Albert Costa
3%
1 Gustavo Kuerten
3%
2 Lleyton Hewitt
3%
1 Thomas Johansson
3%
Aucun quiz correspondant
Distribution des résultats
% des personnes avec chaque résultat
Percentile par nombre de réponses
Votre historique - résultats
Vous n’avez pas pris ce quiz